MARC details
| 000 -LEADER |
| campo de control de longitud fija |
01515cam a2200349 i 4500 |
| 001 - NÚMERO DE CONTROL |
| campo de control |
192098 |
| 003 - IDENTIFICADOR DE NÚMERO DE CONTROL |
| campo de control |
SpMaBN |
| 005 - FECHA Y HORA DE LA ÚLTIMA TRANSACCIÓN |
| campo de control |
20250511130216.0 |
| 008 - DATOS DE LONGITUD FIJA--INFORMACIÓN GENERAL |
| campo de control de longitud fija |
221104r20071911sp b 001 0bspa |
| 017 ## - NÚMERO DE COPYRIGHT O DE DEPÓSITO LEGAL |
| Número de copyright o de depósito legal |
M 28065-2007 |
| Agencia que asigna |
Oficina Depósito Legal Madrid |
| 040 ## - FUENTE DE CATALOGACIÓN |
| Centro/agencia transcriptor |
SpMaBN |
| 080 ## - NÚMERO DE LA CLASIFICACIÓN DECIMAL UNIVERSAL |
| Número de la Clasificación Decimal Universal |
929 Rojas Zorrilla, Francisco de |
| 080 ## - NÚMERO DE LA CLASIFICACIÓN DECIMAL UNIVERSAL |
| Número de la Clasificación Decimal Universal |
012 Rojas Zorrilla, Francisco de |
| 100 1# - ENTRADA PRINCIPAL--NOMBRE DE PERSONA |
| Nombre de persona |
Cotarelo y Mori, Emilio, |
| Fechas asociadas al nombre |
1857-1936 |
| Término indicativo de función/relación |
Autor |
| 9 (RLIN) |
41168 |
| 245 10 - MENCIÓN DEL TÍTULO |
| Título |
Don Francisco de Rojas Zorrilla : |
| Resto del título |
noticias biográficas y bibliográficas / |
| Mención de responsabilidad, etc. |
por D. Emilio Cotarelo y Mori. |
| 250 ## - MENCION DE EDICION |
| Mención de edición |
Edición facsímil con prólogo e índice / |
| Resto de la mención de edición |
de Abraham Madroñal. |
| 260 ## - PUBLICACIÓN, DISTRIBUCIÓN, ETC. |
| Lugar de publicación, distribución, etc. |
Toledo : |
| Nombre del editor, distribuidor, etc. |
Real Academia de Bellas Artes y Ciencias Históricas de Toledo, |
| Fecha de publicación, distribución, etc. |
2007 |
| 300 ## - DESCRIPCIÓN FÍSICA |
| Extensión |
XCVI, 311 páginas ; |
| Dimensiones |
19 cm. |
| 500 ## - NOTA GENERAL |
| Nota general |
Índice |
| 504 ## - NOTA DE BIBLIOGRAFÍA, ETC. |
| Nota de bibliografía, etc. |
Bibliografía: páginas [125]-135 |
| 534 ## - NOTA SOBRE LA VERSIÓN ORIGINAL |
| Frase introductoria |
Reproducción de la edición de: |
| Publicación, distribución, etc. del original |
Madrid : Imp. de la Revista de Archivos, 1911 |
| 600 17 - PUNTO DE ACCESO ADICIONAL DE MATERIA--NOMBRE DE PERSONA |
| Nombre de persona |
Rojas Zorrilla, Francisco de, |
| Fechas asociadas al nombre |
1607-1648- |
| Subdivisión de forma |
Biobibliografías |
| Fuente del encabezamiento o término |
|
| 9 (RLIN) |
170509 |
| 655 #7 - TERMINO DE INDIZACIÓN--GENERO/FORMA |
| Fuente del término |
tgfbne |
| 9 (RLIN) |
226495 |
| Datos o término principal de género/forma |
Facsímiles |
| 655 #0 - TERMINO DE INDIZACIÓN--GENERO/FORMA |
| 9 (RLIN) |
233879 |
| Datos o término principal de género/forma |
Biobibliografías |
| 700 1# - ENTRADA AGREGADA--NOMBRE PERSONAL |
| Nombre de persona |
Madroñal Durán, Abraham. |
| 9 (RLIN) |
75368 |
| Término indicativo de función/relación |
Editor literario |
| 710 2# - ENTRADA AGREGADA--NOMBRE DE ENTIDAD CORPORATIVA |
| Nombre de entidad corporativa o nombre de jurisdicción como elemento de entrada |
Real Academia de Bellas Artes y Ciencias Históricas de Toledo. |
| 9 (RLIN) |
6297 |
| 852 4# - LOCALIZACIÓN |
| Ubicación |
ES-MaACL |
| Número de control de estantería |
N-8076 |
| Donativo/Legado |
Donación: Manuela Estévez |
| Ubicación en estantería |
Depósito J |
| Sublocalización o colección |
R. 152188 |
| itemnumber |
199380 |
| 903 ## - NOMBRE PERSONAL DE DONANTE |
| a |
Estévez, Manuela |
| 9 |
234418 |
| e |
Donante |
| 942 ## - ELEMENTOS DE ENTRADA SECUNDARIOS (KOHA) |
| Tipo de ítem Koha |
Libro impreso |
| Suprimir en OPAC |
No |